| 000 | 00965cam a2200253 a 4500 | ||
|---|---|---|---|
| 001 | 1597501 | ||
| 005 | 20250630113648.0 | ||
| 008 | 940610s1995 cauab b 001 0 eng | ||
| 020 | _a0534163807 | ||
| 050 | 0 | 0 |
_aBS2330.2 _b.B34 1995 |
| 082 | 0 | 0 |
_a225.6/6 _220 |
| 100 | 1 |
_aBarr, David L., _d1942- |
|
| 245 | 1 | 0 |
_aNew Testament story : _ban introduction / _cDavid L. Barr. |
| 250 | _a2nd ed. | ||
| 260 |
_aBelmont, Calif. : _bWadsworth Pub. Co., _cc1995. |
||
| 300 |
_axvii, 574 p. : _bill., maps ; _c24 cm. |
||
| 500 | _aSome maps on lining papers. | ||
| 650 | 0 | _aNarration in the Bible. | |
| 650 | 0 | _aBible as literature. | |
| 856 | 4 | 2 |
_3Contributor biographical information _uhttp://www.loc.gov/catdir/enhancements/fy1515/94027204-b.html |
| 856 | 4 | 2 |
_3Publisher description _uhttp://www.loc.gov/catdir/enhancements/fy1515/94027204-d.html |
| 856 | 4 | 1 |
_3Table of contents only _uhttp://www.loc.gov/catdir/enhancements/fy1515/94027204-t.html |
| 942 |
_2lcc _cBK _n0 |
||
| 999 |
_c6782 _d6782 |
||